Il Vangelo secondo Marco. (Record n. 360403)

Dettagli MARC
000 -LEADER
fixed length control field 01116nam a2200301 i 4500
001 - CONTROL NUMBER
control field 000000048189
003 - CONTROL NUMBER IDENTIFIER
control field IT-MiSPE
005 - DATE AND TIME OF LATEST TRANSACTION
control field 20250226122524.0
008 - FIXED-LENGTH DATA ELEMENTS--GENERAL INFORMATION
fixed length control field 031005s1971 xx 000 b ita c
040 ## - CATALOGING SOURCE
Original cataloging agency IT-MiSPE
Language of cataloging ita
Transcribing agency IT-MiSPE
041 ## - LANGUAGE CODE
Language code of text/sound track or separate title ita
Language code of original ger
082 ## - DEWEY DECIMAL CLASSIFICATION NUMBER
Classification number 226.3-Mc SCH ed (ppv 23359)
100 1# - MAIN ENTRY--PERSONAL NAME
Personal name Schweizer, Eduard,
Dates associated with a name 1913-2006.
Relator term autore
9 (RLIN) 61700
240 10 - UNIFORM TITLE
Uniform title Das Evangelium nach Marcus
245 13 - TITLE STATEMENT
Title Il Vangelo secondo Marco.
Statement of responsibility, etc. Commento di Eduard Schweizer. Traduzione italiana di Bruno Corsani.
250 ## - EDITION STATEMENT
Edition statement edizione italiana a cura di F. Ronchi e O. Soffritti
260 ## - PUBLICATION, DISTRIBUTION, ETC. (IMPRINT)
Place of publication, distribution, etc. Brescia :
Name of publisher, distributor, etc. Paideia,
Date of publication, distribution, etc. 1971.
300 ## - PHYSICAL DESCRIPTION
Extent 421 p. ;
Dimensions 21,5 cm
490 1# - SERIES STATEMENT
Series statement Nuovo Testamento ;
Volume/sequential designation 001
500 ## - GENERAL NOTE
General note Tit. orig.: Das Evangelium nach Marcus
630 ## - SUBJECT ADDED ENTRY--UNIFORM TITLE
Uniform title Biblia.
Form subdivision N.T.
General subdivision Evang. sec. Marcum
9 (RLIN) 61701
655 07 - INDEX TERM--GENRE/FORM
Genre/form data or focus term Sacra Scrittura. Studi sul Nuovo Testamento
General subdivision Collane - Varia.
Source of term local
9 (RLIN) 61702
655 07 - INDEX TERM--GENRE/FORM
Genre/form data or focus term Sacra Scrittura. Studi sul Nuovo Testamento
General subdivision Marco.
Source of term local
700 ## - ADDED ENTRY--PERSONAL NAME
Personal name Corsani, Bruno,
Relator term tr.
9 (RLIN) 61703
830 #0 - SERIES ADDED ENTRY--UNIFORM TITLE
Uniform title Nuovo Testamento ;
Volume number/sequential designation 001.
9 (RLIN) 60839
942 ## - ADDED ENTRY ELEMENTS (KOHA)
Source of classification or shelving scheme Dewey Decimal Classification
Koha item type LIBRO
Dati di copia
Withdrawn status Lost status Source of classification or shelving scheme Damaged status Not for loan Home library Current library Date acquired Total Checkouts Full call number Date last seen Copy number Price effective from Koha item type
    Dewey Decimal Classification Buone Condizioni Not For Loan CINISELLO CINISELLO 26/02/2025   226.3-Mc SCH ed (ppv 23359) 26/02/2025 1 26/02/2025 LIBRO
CREDITS: SOCIETA' SAN PAOLO Via A.Severo, 58 - ROMA (RM) & PERIODICI SAN PAOLO SRL Via Giotto, 36 MILANO & CISF Via Giotto, 36 MILANO & EDIZIONI SAN PAOLO SRL,  Piazza Soncino, 5 CINISELLO BALSAMO (MI) -- ITALY